000 03063cam a2200289 i 4500
999 _c1542
_d1542
001 18416806
003 CoMeUDC
005 20220512114314.0
008 140803s2014 ck 000 0 spa
010 _a 2014422882
020 _a9789586959841
040 _aDLC
_beng
_cCO-UdeC
_erda
_dDLC
042 _apcc
043 _as-ck---
082 _a347.861
_bC957
100 _92080
_aCruz Tejada, Horacio
245 0 3 _aEl proceso civil a partir del Código general del proceso /
_cHoracio Cruz Tejada.
264 1 _aBogotá :
_bUniversidad de Los Andes. Facultad de Derecho,
_c2014.
300 _a566 p. ;
_c24 cm
504 _aIncluye bibliografía.
505 0 _aPresentación / Horado Cruz Tejada -- Principios generales del nuevo Código General del Proceso / Octavio Augusto Tejeiro Duque -- La raíz del Código General del Proceso : una movida concéntrica / Maria del Socorro Rueda Fonseca -- El régimen de jurisdicción y competencia en el Código General del Proceso / Horado Cruz Tejada -- ¿Usurpación de las funciones jurisdiccionales a cargo de las autoridades administrativas? / Diana Carolina Campos Tovar -- Partes, terceros y apoderados / Ulises Canosa Suárez -- Las nulidades procesales / Miguel Enrique Rojas Gómez -- Reglas generales de procedimiento / Octavio Augusto Tejeiro Duque -- Pruebas preconstituidas, anticipadas o extraprocesales / Ana Giacomette Ferrer -- Modificación al régimen de la carga de la prueba en el Código General del Proceso / Luis Guillermo Acero Gallego -- Sistema probatorio / Jorge Forero Silva -- La prueba pericial en el Código General del Proceso : una aproximación desde el análisis económico del derecho / Juan David Gutiérrez Rodríguez -- Modificaciones que introduce el Código General del Proceso en la inspección judicial, los documentos y prueba por informes / Jimmy Rojas Suárez -- Acerca de las providencias judiciales en el Código General del Proceso / Carlos Adolfo Prieto Monroy -- Acumulación de procesos y demandas en el Código General del Proceso / Néstor Orlando Prieto Ballén -- Acerca de las formas de terminación anormal del proceso en el Código General del Proceso / Carlos Adolfo Prieto Monroy -- Medios de impugnación : aspectos más relevantes en el Código General del Proceso / Ricardo Zapó Méndez -- De los procesos declarativos en el Código General del Proceso / Ramiro Bejarano Guzmán -- Algunos escolios sobre el proceso ejecutivo en el Código General del Proceso / Edgardo Villamil Portilla -- Principales reformas introducidas a los procedimientos en materia de familia por el Código General del Proceso / Jesael Antonio Giralda Castaño -- El proceso de sucesión en el Código General del Proceso / José Antonio Cruz Suárez -- Una introducción al régimen de insolvencia de la persona natural no comerciante / Nicolás Pájaro Moreno.
546 _aEspañol
610 1 0 _aColombia.
_tCódigo general del proceso.
650 0 _aProcedimiento civil
_zColombia
_91915
700 1 _aCruz Tejada, Horacio,
_eCoordinador
942 _2ddc
_cBK